000 00731nam a2200229Ia 4500
001 10204
003 GE_BSU
008 181216s||||||||xx |||||||||||||| ||und||
040 _cGE_BSU
080 _a821.353.1–32
100 _aსულაკაური,არჩილ
245 _aზევით და ქვევით
245 _bმოთხრობები
245 _cრედ.რ.თვარაძე.მხატვ.ზ.ნიჟარაძე
260 _aთბილისი
260 _bსაბჭ.მწერალი
260 _c1962
300 _a186გვ.17სმ.
653 _aზევით და ქვევით
653 _aმოთხრობები
942 _cBK
999 _c43473
_d43473